LDR 00618naa#a2200169#i#450# 001 EN\\bibl\118249 005 20260428091857.2 011 ## _a1729-9187 100 ## _a20260330b2026####ek#y0engy0150####ca 102 ## _aRU 200 1# _aMeans of speech aggression and its euphemisation in political discourse and public speech _eJournal article 210 1# _aUfa _cUfa Law Institute of the Ministry of Internal Affairs of Russia _d2026 215 ## _a5 с. 608 ## _aJournal article _2local 675 ## _aЛингвистика. Языкознание. Языки. 81 _z 700 #1 _aBeglova _gElena Ivanovna 856 4# _aobshtestvo-uyi.editorum.ru _u